|
|
|
|
| LEADER |
00000cam a2200000 7i4500 |
| 001 |
0000009910 |
| 005 |
20080118.0 |
| 008 |
071005 |
| 020 |
|
|
|a 0316159352
|
| 090 |
0 |
0 |
|a KIN
|b ENG
|
| 100 |
1 |
|
|a King, Dean
|
| 245 |
1 |
0 |
|a Skeletons on the Zahara :
|b a true story of survival
|c Dean King
|
| 260 |
|
|
|a New York :
|b Back Bay Books ,
|c 2005
|
| 650 |
|
0 |
|a Africa, North
|x Description and travel
|x Fiction
|
| 650 |
|
0 |
|a Commerce (Brig)
|
| 650 |
|
0 |
|a English fiction
|
| 650 |
|
0 |
|a Sahara
|x Description and travel
|x Fiction
|
| 650 |
|
0 |
|a Slavery
|z Africa, North
|
| 999 |
|
|
|a 0000999050
|b Book
|c Adult Collection
|e Perbadanan Perpustakaan Awam Johor
|
| 999 |
|
|
|a 0000999051
|b Book
|c Adult Collection
|e Perbadanan Perpustakaan Awam Johor
|